| 000 | 00514 a2200169 4500 | ||
|---|---|---|---|
| 005 | 20250428130224.0 | ||
| 020 | _a0-256-23612-7 | ||
| 082 | _a658 FRY | ||
| 100 | _aFRY, F. L. | ||
| 245 | _aBusiness : An Integrative Framework. | ||
| 250 | _a6th Ed. | ||
| 260 |
_aNew York, _bMcgraw- Hill Irwin, _c1998. |
||
| 300 |
_axxxix,602p.: Ill.;figures & pictures _bGlossary & Index _c25cm. |
||
| 700 | _aSTONER, C. R. & HATTWICK, R. E. | ||
| 856 |
_yAccess Online Book _fBusiness _dhttp://www.mhhe.com |
||
| 942 |
_2ddc _cBKS |
||
| 999 |
_c1711 _d1711 |
||